Oprava chýb

Podľa §34 zákona o účtovníctve je možné vykonať opravy neuzavretého účtovného obdobia. Opravou však nesmie dôjsť k narušeniu zrozumiteľnosti a prehľadnosti už vykonaných účtovných záznamov. V prípade opráv chýb uzavretého účtovného obdobia, ide o opravy chýb minulých účtovných období. Opravu chýb mi...

Descripción completa

Guardado en:
Detalles Bibliográficos
Autor principal: Adamíková, Monika
Formato: Capítulo de libro
Lenguaje:eslovaco
Materias:
Etiquetas: Agregar Etiqueta
Sin Etiquetas, Sea el primero en etiquetar este registro!

MARC

LEADER 00000naa a2200000 4500
001 0262481
005 20200219155737.4
041 0 |a slo 
044 |a SK 
245 1 0 |a Oprava chýb  |c Monika Adamíková 
520 |a Podľa §34 zákona o účtovníctve je možné vykonať opravy neuzavretého účtovného obdobia. Opravou však nesmie dôjsť k narušeniu zrozumiteľnosti a prehľadnosti už vykonaných účtovných záznamov. V prípade opráv chýb uzavretého účtovného obdobia, ide o opravy chýb minulých účtovných období. Opravu chýb minulých účtovných období pripúšťa zákon o účtovníctve úpravou v §3 ods. 1. Účtovná jednotka opraví tieto chyby v bežnom účtovnom období. 
610 2 0 |a účtovníctvo podvojné 
610 2 0 |a opravy 
610 2 0 |a zákony 
610 2 0 |a účtovníctvo 
610 2 0 |a Slovensko 
100 1 |a Adamíková, Monika